000 00523nam a2200205Ia 4500
003 OSt
005 20251119155426.0
008 210210b1954 xxu||||| |||| 00| 0 eng d
040 _cAL
041 _aKannada
082 _a851/257
100 _aPARAMASHIVAYYA
_dಪರಮಶಿವಯ್ಯ
_9246385
245 _aJivana gita
_bಜೀವನಗೀತೆ
260 _aMaisuru
_b-
_c1954
650 _aJivana
_9246386
650 _agita
_9246387
690 _aKannada Poetry
_9246388
906 _a018275
942 _2ddc
_cBK
999 _c141399
_d141399